Wszystkie Kraje Świata Yakko. - Statystyki

Ogólne statystyki
  • Ten quiz został rozwiązany 118 razy
    26 od ostatniego zresetowania
  • Średni wynik to 35 z 160
Statystyki odpowiedzi
Tekst: % Poprawnych
Poland
72%
Argentina
50%
Canada
50%
Russia
50%
United States
50%
Germany
44%
Mexico
44%
Panama
44%
Peru
44%
Austria
39%
Brazil
39%
Chile
39%
Cuba
39%
France
39%
Haiti
39%
Honduras
39%
Jamaica
39%
Japan
39%
Bahamas
33%
Bolivia
33%
China
33%
Finland
33%
Greece
33%
Guatemala
33%
Iceland
33%
Ireland
33%
Italy
33%
Norway
33%
Oman
33%
Spain
33%
Sweden
33%
Turkey
33%
Venezuela
33%
Albania
28%
Australia
28%
Belgium
28%
Botswana
28%
Denmark
28%
Ecuador
28%
El Salvador
28%
Guam
28%
India
28%
Iran
28%
Israel
28%
Jordan
28%
Korea
28%
Netherlands
28%
New Zealand
28%
Nicaragua
28%
Paraguay
28%
Portugal
28%
Puerto Rico
28%
Romania
28%
Sudan
28%
Switzerland
28%
Tunisia
28%
Uruguay
28%
Zambia
28%
Belize
22%
Bermuda
22%
Bhutan
22%
Bulgaria
22%
Colombia
22%
Congo
22%
Cyprus
22%
Czechoslovakia
22%
Egypt
22%
Ghana
22%
Greenland
22%
Guyana
22%
Hungary
22%
Indonesia
22%
Iraq
22%
Laos
22%
Liberia
22%
Liechtenstein
22%
Mali
22%
Malta
22%
Nepal
22%
Niger
22%
Nigeria
22%
Republic Dominican
22%
Rwanda
22%
San Juan
22%
Senegal
22%
Syria
22%
Taiwan
22%
Togo
22%
Uganda
22%
Vietnam
22%
Afghanistan
17%
Algieria
17%
Angola
17%
Asia
17%
Bahrain
17%
Bangladesh
17%
Barbados
17%
Benin
17%
Borneo
17%
Burundi
17%
Caribbean
17%
Chad
17%
Costa Rica
17%
England
17%
Lebanon
17%
Lesotho
17%
Luxemburg
17%
Madagascar
17%
Monaco
17%
Mongolia
17%
Namibia
17%
Pakistan
17%
Qatar
17%
Saudi Arabia
17%
Scotland
17%
Somalia
17%
Sri Lanka
17%
Suriname
17%
Tanzania
17%
Tobago
17%
Zimbabwe
17%
Both Yemens
11%
Burma
11%
Cameroon
11%
Fiji
11%
French Guiana
11%
Gabon
11%
Gambia
11%
Hong Kong
11%
Kenya
11%
Kuwait
11%
Malawi
11%
Mozambique
11%
Sierra Leone
11%
Thailand
11%
The Spanish Sahara
11%
Tibet
11%
Yugoslavia
11%
Abu Dhabi
6%
Algiers
6%
Cayman
6%
Crete
6%
Dahomey
6%
Djibouti
6%
Ethiopia
6%
Guinea
6%
Guinea-Bissau
6%
Kampuchea
6%
Libya
6%
Mahore
6%
Malaysia
6%
Mauritania
6%
Morocco
6%
New Guinea
6%
Palestine
6%
Sumatra
6%
Swaziland
6%
The Philippine Islands
6%
Zaire
6%
Transylvania
0%
Nie znaleziono quizów pasujących do podanych kryteriów
Rozkład punktacji
Procent ludzi z każdym wynikiem
Percentyl według liczby udzielonych odpowiedzi
Twoja historia wyników
Nie rozwiązałeś tego quizu od ostatniego zresetowania